| 000 | 00504pab a2200181 454500 | ||
|---|---|---|---|
| 008 | 180718b1965 xxu||||| |||| 00| 0 eng d | ||
| 100 | _aSingh, Bishwanath | ||
| 245 | _aPolitical rights of civil servants in India | ||
| 260 | _c1965 | ||
| 300 | _ap.236-247. | ||
| 362 | _aApr-Jun | ||
| 650 | _aCivil and political rights - India | ||
| 650 | _aCivil service - India | ||
| 650 | _aCivil and political rights | ||
| 773 | _aIndian Journal of Public Administration | ||
| 908 | _aN | ||
| 909 | _a100287 | ||
| 999 |
_c100286 _d100286 |
||